English grammar in use : (Record no. 1041)

000 -LEADER
fixed length control field 01048nam a22003377a 4500
001 - CONTROL NUMBER
control field 5013386
003 - CONTROL NUMBER IDENTIFIER
control field LIBRIS
005 - DATE AND TIME OF LATEST TRANSACTION
control field 20210426121042.0
008 - FIXED-LENGTH DATA ELEMENTS--GENERAL INFORMATION
fixed length control field 011211s1986 xxk 000 0 eng c
020 ## - INTERNATIONAL STANDARD BOOK NUMBER
International Standard Book Number 0521287235
020 ## - INTERNATIONAL STANDARD BOOK NUMBER
International Standard Book Number 052133683X
020 ## - INTERNATIONAL STANDARD BOOK NUMBER
International Standard Book Number 5899730129
040 ## - CATALOGING SOURCE
Original cataloging agency eng
Language of cataloging eng
Transcribing agency DLC
041 ## - LANGUAGE CODE
Language code of text/sound track or separate title eng
080 ## - UNIVERSAL DECIMAL CLASSIFICATION NUMBER
Universal Decimal Classification number 811.111
Item number M-96
082 04 - DEWEY DECIMAL CLASSIFICATION NUMBER
Classification number 420
Edition number 22 (machine generated)
084 ## - OTHER CLASSIFICATION NUMBER
Classification number Fe
Number source kssb/7
084 ## - OTHER CLASSIFICATION NUMBER
Classification number Fe.01
Number source kssb/6
100 1# - MAIN ENTRY--PERSONAL NAME
Personal name Murphy, Raymond
245 00 - TITLE STATEMENT
Title English grammar in use :
Remainder of title a self-study reference and practice book for intermediate students, with answers /
Statement of responsibility, etc. / by: Cambridge University Press
260 ## - PUBLICATION, DISTRIBUTION, ETC.
Place of publication, distribution, etc. Cambridge :
Name of publisher, distributor, etc. Cambridge University Press
Date of publication, distribution, etc. cop. 1986
300 ## - PHYSICAL DESCRIPTION
Extent 328 s.
Other physical details ill.
500 ## - GENERAL NOTE
General note �ven 6. tr., 1987
650 #0 - SUBJECT ADDED ENTRY--TOPICAL TERM
9 (RLIN) 480
Topical term or geographic name entry element English Language
653 ## - INDEX TERM--UNCONTROLLED
Uncontrolled term ინგლისური ენა
942 ## - ADDED ENTRY ELEMENTS (KOHA)
Source of classification or shelving scheme
Koha item type Books
Holdings
Withdrawn status Lost status Source of classification or shelving scheme Damaged status Not for loan Permanent location Current location Date acquired Inventory number Total Checkouts Full call number Barcode Date last seen Price effective from Koha item type
          Ken Walker International University Ken Walker International University 01/28/2021 2552   811.111 M-96 2552 01/28/2021 01/28/2021 Books

Powered by Koha